| 000 -LEADER |
| fixed length control field |
00761cam a22002534a 4500 |
| 001 - CONTROL NUMBER |
| control field |
13420724 |
| 005 - DATE AND TIME OF LATEST TRANSACTION |
| control field |
20180824063930.0 |
| 008 - FIXED-LENGTH DATA ELEMENTS--GENERAL INFORMATION |
| fixed length control field |
031202s2004 gaua b 001 0 eng |
| 010 ## - LIBRARY OF CONGRESS CONTROL NUMBER |
| LC control number |
2003025526 |
| 020 ## - INTERNATIONAL STANDARD BOOK NUMBER |
| International Standard Book Number |
0944235522 (pbk. : alk. paper) |
| 040 ## - CATALOGING SOURCE |
| Original cataloging agency |
DLC |
| Transcribing agency |
DLC |
| Modifying agency |
DLC |
| 041 ## - LANGUAGE CODE |
| Language code of text/sound track or separate title |
eng |
| 042 ## - AUTHENTICATION CODE |
| Authentication code |
pcc |
| 080 ## - UNIVERSAL DECIMAL CLASSIFICATION NUMBER |
| Universal Decimal Classification number |
616.0472 |
| 082 00 - DEWEY DECIMAL CLASSIFICATION NUMBER |
| Classification number |
616.0472 |
| Edition number |
22 |
| 100 ## - Rafti |
| Rafti |
6 |
| 101 ## - Shkurtesa |
| Shkurtesa |
KAN |
| 245 00 - TITLE STATEMENT |
| Title |
American Cancer Society's guide to pain control : |
| 246 30 - VARYING FORM OF TITLE |
| Title proper/short title |
Guide to pain control |
| 246 3# - VARYING FORM OF TITLE |
| Title proper/short title |
Pain control |
| 906 ## - LOCAL DATA ELEMENT F, LDF (RLIN) |
| a |
7 |
| b |
cbc |
| c |
orignew |
| d |
1 |
| e |
ecip |
| f |
20 |
| g |
y-gencatlg |
| 942 ## - ADDED ENTRY ELEMENTS (KOHA) |
| Source of classification or shelving scheme |
|
| Item type |
Books |